000 00257nam a2200097Ia 4500
001 787857
005 20250826170348.0
008 250824s9999 xx 000 0 und d
245 0 _aMOKS: BAŞARIYA GİDEN YOL
_cAHMET ŞERİF İZGÖREN
260 _bELMA YAYINLARI
999 _c787857
_d787857